[Event "Groningen"]
[Site "Groningen"]
[Date "1989.??.??"]
[Round "?"]
[White "Rogers, Ian"]
[Black "Kuijf, Marinus"]
[Result "1-0"]
[WhiteElo "2470"]
[BlackElo "2530"]

1.e4 c5 2.Nf3 Nc6 3.Bb5 e6 4.Bxc6 bxc6 5.d3 d6 6.e5 d5 7.c4 Ne7 8.O-O Ng6
9.Nc3 Be7 10.Na4 O-O 11.b3 f6 12.Bb2 d4 13.Ba3 fxe5 14.Qe2 Rf5 15.g3 e4 16.dxe4 Rf6
17.e5 Rf5 18.Kg2 Qc7 19.Bxc5 Bb7 20.b4 Raf8 21.Nxd4 Rxe5 22.Qc2 Rd8 23.Rad1 Bf6
24.Nf3 Rf5 25.Rxd8+ Qxd8 26.Rd1 Qc8 27.Nc3 e5 28.Ne4 Rh5 29.Qd3 Qh3+ 30.Kg1 Bc8
31.Qd8+  1-0

[Event "Groningen"]
[Site "Groningen"]
[Date "1989.??.??"]
[Round "?"]
[White "Spasov, Vasil"]
[Black "Kuijf, Marinus"]
[Result "1/2-1/2"]
[WhiteElo "2430"]
[BlackElo "2530"]

1.e4 c5 2.Nf3 Nc6 3.Bb5 e6 4.O-O Nge7 5.b3 Nd4 6.Nxd4 cxd4 7.c3 Nc6 8.Bb2 Bc5
9.Qe2 O-O 10.Bxc6 dxc3 11.dxc3 bxc6 12.e5 d5 13.exd6 Bxd6 14.c4 Qc7 15.h3 f6
16.Nc3 e5 17.Rad1 Bf5 18.Ne4 Be7 19.Ng3 Bg6 20.h4 Rfd8 21.h5 Bf7 22.Nf5 Bf8
23.Qg4 Kh8 24.f4 Rxd1 25.Rxd1 Rd8 26.fxe5 Rxd1+ 27.Qxd1 fxe5 28.h6 g6 29.Qe2 Kg8
30.Bxe5 Qd7 31.Ng3 Bxh6 32.Ne4 Bg7 33.Bxg7 Kxg7 34.Qb2+ Kh6 35.Qc1+ Kg7 36.Qc3+ Kh6
37.Qe5 Qd1+ 38.Kf2 Qc2+ 39.Kg3 Qd3+ 40.Kf2 Qc2+ 41.Kg3 Qd3+ 42.Kh4 Qd8+ 43.Kg4 Qd1+
44.Kh4 Qh1+ 45.Kg3 Qe1+ 46.Kf3 Qd1+ 47.Kf2  1/2-1/2

[Event "Groningen"]
[Site "Groningen"]
[Date "1989.??.??"]
[Round "?"]
[White "Spasov, Vasil"]
[Black "Rogers, Ian"]
[Result "0-1"]
[WhiteElo "2430"]
[BlackElo "2470"]

1.e4 c5 2.Nf3 Nc6 3.Bb5 d6 4.Bxc6+ bxc6 5.h3 e5 6.O-O g5 7.d3 g4 8.hxg4 Bxg4
9.Nbd2 Ne7 10.Qe1 Rg8 11.Nh4 Ng6 12.Nxg6 Rxg6 13.f3 Bh3 14.Rf2 Qh4 15.Qe2 Bh6
16.Nc4 Bxc1 17.Rxc1 Kd7 18.Ne3 Rag8 19.Ng4 Bxg4 20.fxg4 Rh6 21.Rxf7+ Ke8
22.g5 Qh1+ 23.Kf2 Qxc1 24.Qg4 Qd2+  0-1

[Event "EU-chT"]
[Site "Haifa"]
[Date "1989.??.??"]
[Round "1"]
[White "Kuczynski, Robert"]
[Black "Jones, Andrew"]
[Result "1-0"]
[WhiteElo "2470"]
[BlackElo "2240"]

1.e4 c5 2.Nf3 Nc6 3.Bb5 g6 4.O-O Bg7 5.c3 Nf6 6.Re1 O-O 7.d4 cxd4 8.cxd4 d5
9.e5 Ne4 10.Nc3 Nxc3 11.bxc3 Qa5 12.Qb3 Bg4 13.Nd2 Rac8 14.a4 Nd8 15.Bb2 Bh6
16.Nf1 a6 17.Bd3 Ne6 18.Ne3 Bxe3 19.fxe3 Ng7 20.e4 dxe4 21.Bxe4 Be6 22.d5 Bf5
23.Bf3 Rfd8 24.c4 Qc5+ 25.Kh1 Qxc4 26.Qxb7 Re8 27.Rec1 Bc2 28.Ba3 Nf5 29.d6 Qh4
30.Qa7 exd6 31.Bxd6 Nxd6 32.exd6 Bxa4 33.Re1 Rf8 34.Qxa6 Bd7 35.Bd5 Qd8 36.Qa2 Be8
37.Qd2 Bc6 38.Bb3 Qd7  1-0

[Event "EU-chT"]
[Site "Haifa"]
[Date "1989.??.??"]
[Round "6"]
[White "Djurhuus, Rune"]
[Black "Wirthensohn, Heinz"]
[Result "1-0"]
[WhiteElo "2415"]
[BlackElo "2405"]

1.e4 c5 2.Nf3 Nc6 3.Bb5 g6 4.O-O Bg7 5.c3 Nf6 6.Re1 O-O 7.d4 cxd4 8.cxd4 a6
9.Bf1 d5 10.e5 Ne4 11.Nbd2 Bf5 12.Nb3 f6 13.exf6 exf6 14.Nfd2 Nxd2 15.Bxd2 Qd6
16.Bc3 Bh6 17.Nc5 b6 18.Na4 b5 19.Nc5 b4 20.Bd2 Bxd2 21.Qxd2 a5 22.Rac1 Ra7
23.g3 Re7 24.Rxe7 Nxe7 25.Bg2 Rc8 26.h4 Rc7 27.Qe3 Kg7 28.Bf3 h5 29.Kg2 Bc8
30.Nb3 Rxc1 31.Qxc1 a4 32.Nc5 Qc6 33.Qe1 Kf8 34.Qxb4 Bd7 35.Bd1  1-0

[Event "EU-chT"]
[Site "Haifa"]
[Date "1989.??.??"]
[Round "8"]
[White "Tatai, Stefano"]
[Black "Maki, Veijo"]
[Result "1-0"]
[WhiteElo "2385"]
[BlackElo "2415"]

1.e4 c5 2.Nf3 Nc6 3.Bb5 g6 4.O-O Bg7 5.c3 Nf6 6.e5 Nd5 7.d4 cxd4 8.cxd4 d6
9.Nc3 Nc7 10.Bxc6+ bxc6 11.Bf4 O-O 12.Re1 Bg4 13.Re4 Rb8 14.b3 f5 15.Re1 Qd7
16.Qd3 Bxf3 17.Qxf3 Ne6 18.Rad1 g5 19.Bc1 dxe5 20.dxe5 Qe8 21.Qe2 Rb4 22.Ba3 Rh4
23.g3 Rh6 24.f3 Rg6 25.Qa6 h5 26.Qxa7 h4 27.Qxe7 Qb8 28.Qb4 Qa7+ 29.Kg2 Rh6
30.Qa4 Qf7 31.Bxf8 Bxf8 32.Qc4 Qh7 33.g4 Kh8 34.Kh1 fxg4 35.Qxg4 Qc2 36.Ne4 h3  1-0

[Event "EU-chT"]
[Site "Haifa"]
[Date "1989.??.??"]
[Round "8"]
[White "Georgiev, Krum"]
[Black "Birnboim, Nathan"]
[Result "1/2-1/2"]
[WhiteElo "2480"]
[BlackElo "2395"]

1.e4 c5 2.Nf3 Nc6 3.Bb5 e6 4.O-O Nge7 5.b3 Nd4 6.Nxd4 cxd4 7.Bb2 a6 8.Bd3 Nc6
9.Qg4 g6 10.c3 Bg7 11.cxd4 Nxd4 12.Nc3 O-O 13.Rae1 Nc6 14.Qg3 d6 15.f4 b5
16.Kh1 f5 17.exf5 exf5 18.a4 Rb8 19.axb5 axb5 20.Ba1 Nd4 21.Nd5 Be6 22.Bxd4  1/2-1/2

[Event "EU-chT"]
[Site "Haifa"]
[Date "1989.??.??"]
[Round "8"]
[White "Almeida, R."]
[Black "Berend, Fred"]
[Result "1-0"]
[WhiteElo "2375"]
[BlackElo "2210"]

1.e4 c5 2.Nf3 Nc6 3.Bb5 g6 4.O-O Bg7 5.c3 Qb6 6.Na3 a6 7.Ba4 Qc7 8.d4 b5
9.Bc2 cxd4 10.cxd4 Bb7 11.Be3 Nb4 12.Bb3 Nf6 13.Rc1 Qd8 14.Ng5 e6 15.Qd2 Nc6
16.e5 Ng4 17.Ne4 O-O 18.Nd6 Nxe3 19.fxe3 Na5 20.Bd1 Bc6 21.b4 Nc4 22.Naxc4 bxc4
23.Nxc4 Qg5 24.Bf3 d5 25.exd6 Bd5 26.Bxd5 exd5 27.Nb6 Rad8 28.d7 Rb8 29.Rc6 Bh6
30.Rf3 Kg7 31.a4 Qe7 32.a5 Qe4 33.Rc8 Bg5 34.h3 Be7 35.Qe1 f5 36.Rxb8 Rxb8
37.Kh1 Bd8 38.Qf1  1-0

[Event "EU-chT"]
[Site "Haifa"]
[Date "1989.??.??"]
[Round "9"]
[White "Frois, Antonio"]
[Black "Nokso Koivisto, A."]
[Result "0-1"]
[WhiteElo "2330"]
[BlackElo "2320"]

1.e4 c5 2.Nf3 Nc6 3.Bb5 d6 4.O-O Bd7 5.Re1 Nf6 6.c3 a6 7.Bxc6 Bxc6 8.d4 Bxe4
9.Bg5 d5 10.dxc5 e6 11.b4 Be7 12.Nbd2 Bxf3 13.Qxf3 O-O 14.a3 b6 15.cxb6 Qxb6
16.c4 dxc4 17.Nxc4 Qd4 18.Ne5 Qd5 19.Qe2 Qb7 20.Rac1 Rac8 21.h3 h6 22.Bh4 Nd5
23.Bxe7 Nxe7 24.Nd3 a5 25.bxa5 Qb5 26.Qd2 Nf5 27.Rb1 Qd5 28.Re5 Qd6 29.Qe2 Rc3
30.Rd1 Qxa3 31.Nf4 Rc1 32.Kh2 Rfc8 33.g4 Nh4 34.Re3 Qxa5 35.Red3 R1c2 36.R1d2 Rxd2  0-1

[Event "NLD-ch"]
[Site "Hilversum"]
[Date "1989.??.??"]
[Round "2"]
[White "Kuijf, Marinus"]
[Black "Piket, Jeroen"]
[Result "1/2-1/2"]
[WhiteElo "2485"]
[BlackElo "2500"]

1.e4 c5 2.Nf3 Nc6 3.Bb5 d6 4.O-O Bd7 5.Re1 Nf6 6.c3 a6 7.Bxc6 Bxc6 8.d4 Bxe4
9.Bg5 d5 10.Bxf6 gxf6 11.Nbd2 e6 12.Nxe4 dxe4 13.Rxe4 Qd5 14.Qe2 O-O-O 15.dxc5 Bxc5
16.b4 Bb6 17.c4 Qd3 18.c5  1/2-1/2

[Event "KRO m"]
[Site "Hilversum"]
[Date "1989.??.??"]
[Round "3"]
[White "Timman, Jan H"]
[Black "Short, Nigel D"]
[Result "1/2-1/2"]
[WhiteElo "2610"]
[BlackElo "2650"]

1.e4 c5 2.Nf3 Nc6 3.Bb5 Qb6 4.Ba4 g6 5.O-O Bg7 6.c3 e6 7.d4 cxd4 8.cxd4 Nxd4
9.Na3 Ne7 10.Nc4 Qa6 11.Nxd4 Qxc4 12.Be3 O-O 13.Rc1 Qb4 14.a3 Qxb2 15.Qd3 Qb6
16.Nf5 Qd8 17.Nxg7 Kxg7 18.Qd6 Nc6 19.Rfd1 f6 20.Bxc6 bxc6 21.e5 f5 22.Rxc6 f4
23.Bc5 Rf7 24.f3 Bb7 25.Rc7 Bd5 26.Bxa7 Rc8 27.Rxc8 Qxc8 28.Bc5 Qa8 29.Bb4 Qa7+
30.Qc5 Qa8 31.Rc1 g5 32.h3 h5 33.Qc8 Qxc8 34.Rxc8 Bc6 35.Kf2 Kh7 36.Bd6 g4
37.hxg4 hxg4 38.fxg4 Rg7 39.g3 Rxg4 40.gxf4 Rxf4+  1/2-1/2

[Event "NLD-ch"]
[Site "Hilversum"]
[Date "1989.??.??"]
[Round "6"]
[White "Cuijpers, Frans Andre"]
[Black "Van der Wiel, John TH"]
[Result "1/2-1/2"]
[WhiteElo "2405"]
[BlackElo "2560"]

1.e4 c5 2.Nf3 Nc6 3.Bb5 g6 4.O-O Bg7 5.Re1 e5 6.Bxc6 dxc6 7.d3 Ne7 8.Nbd2 O-O
9.Nc4 Qc7 10.a4 Be6 11.Be3 Bxc4 12.dxc4 Rad8 13.Qe2 b6 14.Red1 Nc8 15.Ra3 Rxd1+
16.Qxd1 Nd6 17.Nd2 Rd8 18.Rd3 Nb7  1/2-1/2

[Event "Karvina op"]
[Site "Karvina"]
[Date "1989.??.??"]
[Round "11"]
[White "Nemec, Pavel"]
[Black "Zpevak, Pavel"]
[Result "0-1"]
[WhiteElo "2225"]
[BlackElo "2350"]

1.e4 c5 2.Nf3 Nc6 3.Bb5 g6 4.O-O Bg7 5.Re1 e5 6.c3 Nge7 7.d4 cxd4 8.cxd4 exd4
9.e5 O-O 10.Bg5 h6 11.Bh4 a6 12.Bxc6 dxc6 13.Nxd4 g5 14.Bg3 c5 15.Nf3 Qxd1
16.Rxd1 Nf5 17.h3 Nxg3 18.fxg3 g4 19.hxg4 Bxg4 20.Nbd2 Rfe8 21.Re1 Rad8 22.Rac1 Rd5
23.Rc4 h5 24.Rce4 b5 25.R4e2 Re6 26.b3 Kf8 27.Kf2 Ke8 28.a4 Kf8 29.Kg1 Bh6
30.axb5 Bxd2 31.Rxd2 Bxf3 32.Ra2 Rd1 33.Rxd1 Bxd1 34.bxa6 Re8 35.a7 Ra8 36.Ra5 Ke7  0-1

[Event "Las Palmas op"]
[Site "Las Palmas"]
[Date "1989.??.??"]
[Round "?"]
[White "Magem Badals, Jorge"]
[Black "Garcia, Ricardo"]
[Result "1-0"]
[WhiteElo "2425"]
[BlackElo "2315"]

1.e4 c5 2.Nf3 Nc6 3.Bb5 a6 4.Bxc6 bxc6 5.O-O g6 6.d4 cxd4 7.Qxd4 Nf6 8.e5 Nd5
9.c4 Nc7 10.Nc3 Bg7 11.Qh4 h6 12.Ne4 Ne6 13.Bd2 c5 14.Rfe1 Bb7 15.Rad1 Rc8
16.Bc3 O-O 17.Qg3 Qc7 18.Nh4 Nd4 19.f4 d6 20.Bxd4 cxd4 21.exd6 exd6 22.f5 Bxe4
23.Rxe4 g5 24.f6 Bxf6 25.Nf5 Kh7 26.Qh3 Bg7 27.b3 Rce8 28.Qd3 Qd7 29.Rxe8 Rxe8
30.Nxd6+ Kg8 31.Nxe8 Qxe8 32.c5 a5 33.Qc4 Qc6 34.Rf1 Qc7 35.Qd5 d3 36.Kh1 d2
37.Qxd2 Qxc5 38.Qd8+ Bf8 39.Qf6 Qc7 40.Qf5 Qe7 41.Qxa5 Qe2 42.Qf5 Qe7 43.Qd3 Kg7
44.a4 f6 45.a5 Qe5 46.Qf5 Qd6 47.b4 Be7 48.b5 Bd8 49.b6 h5 50.Qf3 h4 51.Qd1 Qe7
52.Re1 Qb4 53.Qd7+ Kh6 54.Rd1 Be7 55.a6 g4 56.a7 Qe4 57.Qd5  1-0

[Event "Leningrad"]
[Site "Leningrad"]
[Date "1989.??.??"]
[Round "?"]
[White "Lukin, Andrei M"]
[Black "Kirov, Nino"]
[Result "1-0"]
[WhiteElo "2450"]
[BlackElo "2470"]

1.e4 c5 2.Nf3 Nc6 3.Bb5 e6 4.O-O Nge7 5.c3 d5 6.exd5 Qxd5 7.d4 cxd4 8.c4 Qh5
9.Nxd4 Qxd1 10.Rxd1 Bd7 11.Nxc6 Bxc6 12.Nc3 Nf5 13.Bxc6+ bxc6 14.Ne4 h5 15.Bf4 Rd8
16.Kf1 f6 17.Rxd8+ Kxd8 18.Bb8 a6 19.Rd1+ Kc8 20.Bd6 e5 21.Bxf8 Rxf8 22.Nc5 Rf7
23.Rd3 a5 24.Ra3 Ra7 25.Nb3 a4 26.Nc5 Nd6 27.Rxa4 Rxa4 28.Nxa4 Nxc4 29.b3 Nd2+
30.Ke2 Ne4 31.f3 Ng5 32.Nc5 h4 33.a4 h3 34.g3 f5 35.Ke3 Nf7 36.Nd3 g5 37.g4 e4
38.fxe4 fxg4 39.Kf2 Kc7 40.Kg3 Nd6 41.e5 Ne4+ 42.Kxg4 c5 43.Kxh3 Kc6 44.a5 Nd2
45.a6 c4 46.bxc4 Nxc4 47.Kg4  1-0

[Event "Lugano op"]
[Site "Lugano"]
[Date "1989.??.??"]
[Round "3"]
[White "Gavrikov, Viktor"]
[Black "Sibilio, Mario"]
[Result "1-0"]
[WhiteElo "2535"]
[BlackElo "2280"]

1.e4 c5 2.Nf3 Nc6 3.Bb5 Qb6 4.Bxc6 Qxc6 5.Nc3 d6 6.d4 Bg4 7.d5 Qc7 8.h3 Bxf3
9.Qxf3 g6 10.O-O Bg7 11.Bg5 f6 12.Bd2 Nh6 13.Ne2 Nf7 14.h4 Qd7 15.Bc3 Bh6
16.Qg3 Qa4 17.Qd3 Ne5 18.Bxe5 fxe5 19.c4 O-O 20.g3 b5 21.cxb5 c4 22.Qd1 Qxb5
23.Rb1 Rac8 24.Kg2 Qc5 25.Qc2 Rf7 26.Nc3 Rcf8 27.Qe2 Rf3 28.Rbd1 Qb6 29.Nb1 Rd3
30.Nc3 Qd4 31.h5 gxh5 32.Rxd3 cxd3 33.Qxh5 Bd2 34.Qg4+ Kh8 35.Nd1 Bh6 36.Rh1 Rf6
37.Rh4 Qa4 38.a3 Qc2 39.Rh1 Qe2 40.Qxe2 dxe2 41.Nc3 Kg7 42.Nxe2 Rf8 43.f4 Rc8
44.Kf3 Rc2 45.Rb1 Kf7 46.Ke3 Bg7 47.Kd3 Rc8 48.f5 Bh6 49.b4  1-0

[Event "Lugano op"]
[Site "Lugano"]
[Date "1989.??.??"]
[Round "5"]
[White "Zorman, Vojko"]
[Black "Keller, Rudolf"]
[Result "1/2-1/2"]
[WhiteElo "2290"]
[BlackElo "2315"]

1.e4 c5 2.Nf3 Nc6 3.Bb5 g6 4.c3 Nf6 5.e5 Nd5 6.O-O Bg7 7.d4 cxd4 8.cxd4 O-O
9.Nc3 Nxc3 10.bxc3 d5 11.Bxc6 bxc6 12.Ba3 Re8 13.h3 Qa5 14.Bb4 Qc7 15.Re1 Bf8
16.Qd2 Rb8 17.Qf4 h6 18.Nh2 Be6 19.Qh4 Bg7 20.Ng4 Kh7 21.Ba3 g5 22.Qh5 f5
23.Nh2 Rf8 24.f4 Bf7 25.Qe2 Bg6 26.Nf3 gxf4 27.Qd2 Bh5 28.Rf1 Bxf3 29.Rxf3 Rf7
30.Qxf4 Rg8 31.Rg3 Bf8 32.Rxg8 Kxg8 33.Qh4 Kh7 34.Qh5 e6 35.Bc1 Bg7 36.Bd2 c5
37.Rf1 Rf8 38.g4 cxd4 39.cxd4 Qf7 40.Qxf7 Rxf7 41.gxf5 Rxf5 42.Rxf5 exf5
43.Bb4 Kg6 44.Kf2 h5 45.Bc5 a6  1/2-1/2

[Event "Lugano op"]
[Site "Lugano"]
[Date "1989.??.??"]
[Round "5"]
[White "Steinbacher, Matthias"]
[Black "Weindl, Alfred"]
[Result "1-0"]
[WhiteElo "2320"]
[BlackElo "2385"]

1.e4 c5 2.Nf3 Nc6 3.Bb5 g6 4.O-O Bg7 5.Re1 Nf6 6.e5 Nd5 7.Nc3 Nc7 8.Bxc6 dxc6
9.Ne4 Ne6 10.d3 O-O 11.Be3 b6 12.Qd2 a5 13.Bh6 Ra7 14.Bxg7 Kxg7 15.Neg5 h6
16.Nxe6+ Bxe6 17.Qc3 Kh7 18.h3 Qd5 19.Re4 g5 20.Qd2 Rg8 21.Qe3 Bf5 22.Rc4 Raa8
23.Nh2 Rg6 24.Re1 Rag8 25.Nf1 Re6 26.Ng3 Bg6 27.h4 f6 28.h5 Be8 29.Re4 f5
30.c4 Qd8 31.Nxf5 Bxh5 32.Qh3 Bf7 33.R1e3 Reg6 34.e6 Be8 35.Qh2 Rf6 36.Rh3 Rgg6
37.g4 Rxf5 38.gxf5 Rf6 39.Rg4  1-0

[Event "Lugano op"]
[Site "Lugano"]
[Date "1989.??.??"]
[Round "6"]
[White "Keller, M."]
[Black "Riemersma, Liafbern"]
[Result "1/2-1/2"]
[WhiteElo "2245"]
[BlackElo "2380"]

1.e4 c5 2.Nf3 Nc6 3.Bb5 g6 4.O-O Bg7 5.Re1 Nf6 6.Nc3 O-O 7.e5 Ne8 8.Bxc6 dxc6
9.d3 Nc7 10.h3 Ne6 11.Ne4 b6 12.Bd2 Nd4 13.Ng3 Qd5 14.Nxd4 cxd4 15.Qe2 Bb7
16.Qe4 c5 17.Qxd5 Bxd5 18.b3 Rfd8 19.a4 a6 20.Bg5 Rd7 21.f3 f6 22.exf6 exf6
23.Bf4 Kf7 24.Ne4 Bf8 25.Nd2 Rb7 26.Kf2 Rd8 27.Re2 Rdd7 28.Rae1 b5 29.axb5 axb5
30.Ra1 Ra7 31.Ree1 f5 32.Bb8 Rxa1 33.Rxa1 Rd8 34.Be5 Ra8 35.Rxa8 Bxa8 36.f4 Ke6
37.Nf3 Kd7 38.b4 Bxf3 39.Kxf3 c4 40.dxc4 bxc4 41.Bxd4 Bxb4 42.Ke3 Kc6 43.Bf6 Bc5+
44.Kf3 Kd5 45.Bg7 Bd4 46.Bf8 Kc6 47.Be7 Kb5 48.Ke2 Kc6 49.Kf3 Kd5 50.Bf8 Bb2
51.Be7 Bc1 52.Bf8 Kd4 53.Bg7+ Kc5 54.Bf8+ Kb5 55.Be7 Ka4 56.Bd6 Ba3 57.Be5 Bc5
58.Bf6 Ka3 59.Ke2 Ka2 60.Kd2 Ba3 61.Kd1 Kb1 62.Be5 Bc1 63.Bd6 h5 64.Be5 Be3
65.Bd6 Bg1 66.Be7 Bh2 67.Bg5 c3 68.Bh6 Bg3  1/2-1/2

[Event "Lugano op"]
[Site "Lugano"]
[Date "1989.??.??"]
[Round "8"]
[White "Fette, Martin"]
[Black "Franco Ocampo, Zenon"]
[Result "0-1"]
[WhiteElo "2385"]
[BlackElo "2490"]

1.e4 c5 2.Nf3 Nc6 3.Bb5 e6 4.O-O Nge7 5.b3 d6 6.d4 cxd4 7.Nxd4 a6 8.Bxc6+ Nxc6
9.Bb2 f6 10.Nxc6 bxc6 11.Nd2 Be7 12.Qh5+ g6 13.Qh6 Bf8 14.Qe3 Be7 15.Rad1 O-O
16.Nc4 Qc7 17.Rd2 Bb7 18.Rfd1 d5 19.Bc3 Rae8 20.Ba5 Qb8 21.Nb6 Rf7 22.g3 Bd8
23.c4 Bc7 24.b4 f5 25.exf5 exf5 26.Qb3 Qa7 27.Na4 Bd6 28.cxd5 cxd5 29.Nb6 f4
30.g4 f3 31.Kf1 Re2 32.Rxe2 fxe2+ 33.Kxe2 d4 34.Rxd4 Bf3+ 35.Kd2 Qe7 36.Qe3 Bxh2
37.Nd5 Qf8 38.g5 Bxd5 39.Rxd5 Bf4  0-1

[Event "Lugano op"]
[Site "Lugano"]
[Date "1989.??.??"]
[Round "9"]
[White "Vezzosi, Paolo"]
[Black "Thiel, Thomas"]
[Result "1-0"]
[WhiteElo "2340"]
[BlackElo "2215"]

1.e4 c5 2.Nf3 Nc6 3.Bb5 g6 4.O-O Bg7 5.c3 Nf6 6.Re1 O-O 7.h3 e5 8.d3 d6 9.Bg5 h6
10.Bxf6 Qxf6 11.Nbd2 Qd8 12.Nf1 f5 13.Bc4+ Kh8 14.Ne3 f4 15.Nd5 h5 16.a3 Be6
17.b4 g5 18.bxc5 g4 19.Nh2 f3 20.Ne3 Qh4 21.g3 Qxh3 22.Bxe6 Rae8 23.Bf5 Ne7
24.Nxf3  1-0

[Event "Lyngby op"]
[Site "Lyngby"]
[Date "1989.??.??"]
[Round "1"]
[White "Kruszynski, Wlodzimierz"]
[Black "Rausis, Igors"]
[Result "0-1"]
[WhiteElo "2370"]
[BlackElo "2435"]

1.e4 c5 2.Nf3 Nc6 3.Bb5 e5 4.O-O Nge7 5.Nc3 g6 6.d3 Bg7 7.Bg5 h6 8.Be3 Nd4
9.Bc4 b6 10.Nd5 Bb7 11.Nxe7 Qxe7 12.c3 Nxf3+ 13.Qxf3 O-O 14.Qg3 Rad8 15.f4 d5
16.exd5 Bxd5 17.Bb5 exf4 18.Bxf4 Qe2 19.Rf2 Qe6 20.a3 f5 21.h4 Kh7 22.Kf1 Bc6
23.Bc4 Qd7 24.Rd1 Rfe8 25.Re2 Rxe2 26.Kxe2 Bf6 27.Kf1 b5 28.Bb3 Re8 29.Qf2 Qe7
30.Bg3 f4 31.Re1 Qd6 32.Bxf4 Rxe1+ 33.Kxe1 Qxd3 34.Bd2 Qe4+ 35.Kf1 Qxh4 36.Qxh4 Bxh4
37.Be3 c4 38.Bd1 a5 39.a4 bxa4 40.Be2 Bb5 41.Bf3 Bd7 42.Bb6 a3 43.bxa3 a4  0-1

[Event "Mendrisio op"]
[Site "Mendrisio"]
[Date "1989.??.??"]
[Round "3"]
[White "Brigljevic, Milan"]
[Black "Klundt, Klaus"]
[Result "1/2-1/2"]
[WhiteElo "2225"]
[BlackElo "2390"]

1.e4 c5 2.Nf3 Nc6 3.Bb5 g6 4.O-O Bg7 5.c3 Nf6 6.Re1 O-O 7.d4 cxd4 8.cxd4 d5
9.e5 Ne4 10.Bxc6 bxc6 11.Nc3 c5 12.Be3 Nxc3 13.bxc3 cxd4 14.cxd4 Rb8 15.h3 Bd7
16.Qd2 Qb6 17.Bh6 Rfc8 18.Bxg7 Kxg7 19.Qg5 Qd8 20.h4 Rb6 21.h5 h6 22.Qg3 Kh7
23.e6 Rxe6 24.Rxe6 Bxe6 25.hxg6+ fxg6 26.Re1 Bf5 27.Nh4 Rc6 28.Nxf5 gxf5
29.Qa3 e6 30.Qxa7+ Kg6 31.Qa3 Kf7 32.Rc1 Rxc1+ 33.Qxc1 Qb6 34.Qd2 Qa7 35.g3 Qa3
36.Kg2 Ke7 37.Qc2 Kd7 38.Qb3 Qa6 39.a4 Qe2 40.Qb7+ Kd6 41.Qb4+ Kc6 42.a5 h5
43.Qa4+ Kc7 44.a6 f4 45.gxf4 Qe4+ 46.Kf1 Qb1+ 47.Ke2 Qe4+ 48.Kf1 Qh1+ 49.Ke2 Qe4+
50.Kf1 Qh1+  1/2-1/2

[Event "SVK-ch"]
[Site "Michalovce"]
[Date "1989.??.??"]
[Round "6"]
[White "Brestak, Jan"]
[Black "Mrva, Martin"]
[Result "0-1"]
[WhiteElo "2300"]
[BlackElo "2315"]

1.e4 c5 2.Nf3 Nc6 3.Bb5 Nf6 4.Qe2 g6 5.O-O Bg7 6.c3 a6 7.Ba4 b5 8.Bc2 e5
9.a4 b4 10.d4 cxd4 11.cxd4 exd4 12.Bg5 O-O 13.e5 Re8 14.Nbd2 d5 15.Rfe1 Qb6
16.exf6 Rxe2 17.Rxe2 Bf8 18.Re8 Qa7 19.Nb3 Bd7 20.Rxa8 Qxa8 21.Nbxd4 Nxd4
22.Nxd4 Qe8 23.Nf3 Qe2 24.Rc1 Bg4 25.Be3 Bxf3 26.gxf3 Qxf3 27.Rd1 Qxf6 28.Rxd5 Qxb2
29.Rd8 Qxc2 30.Bh6 Qc5 31.a5 b3 32.Rb8 b2 33.Bxf8 Qxf8 34.Rxb2 Qa3  0-1

[Event "SVK-ch"]
[Site "Michalovce"]
[Date "1989.??.??"]
[Round "11"]
[White "Briestensky, Rastislav"]
[Black "Certek, Pavel"]
[Result "0-1"]
[WhiteElo "2240"]
[BlackElo "2330"]

1.e4 c5 2.Nf3 Nc6 3.Bb5 g6 4.O-O Bg7 5.c3 Nf6 6.Re1 O-O 7.d4 cxd4 8.cxd4 d5
9.e5 Ne4 10.h3 Qb6 11.Bf1 Bd7 12.Nbd2 Nxd2 13.Qxd2 Rfc8 14.b3 Nb4 15.Ba3 a5
16.Rac1 Rxc1 17.Rxc1 Rc8 18.Rxc8+ Bxc8 19.Ne1 f6 20.Bxb4 axb4 21.exf6 Bxf6
22.Nf3 Bf5 23.Bd3 Bd7 24.Qe3 Kg7 25.g4 h6 26.Ne5 Be8 27.f4 g5 28.Kg2 Qc7
29.fxg5 Bxg5 30.Qf2 e6 31.h4 Bf6 32.g5 hxg5 33.Qg3 Qc3 34.hxg5 Qd2+ 35.Kf1 Qc1+
36.Ke2 Bh5+ 37.Ng4 Qxg5 38.Kf3 Qxg4+ 39.Qxg4+ Bxg4+ 40.Kxg4 Bxd4 41.Bb5 Kf6
42.Bd7 Be3 43.Kf3 Bh6 44.Bc8 b6 45.Ke2 Ke5 46.Kd3 Kd6  0-1

[Event "URS-ch sf"]
[Site "Moscow"]
[Date "1989.??.??"]
[Round "?"]
[White "Zlochevskij, Alexander"]
[Black "Yuferov, Sergey  N"]
[Result "1-0"]
[WhiteElo "2360"]
[BlackElo "2445"]

1.e4 c5 2.Nf3 Nc6 3.Bb5 Qb6 4.Bxc6 Qxc6 5.Nc3 b5 6.O-O b4 7.Nd5 e6 8.Re1 Qb7
9.d4 Ne7 10.dxc5 Nxd5 11.exd5 Bxc5 12.Ng5 h6 13.Ne4 Be7 14.dxe6 dxe6 15.Nd6+ Bxd6
16.Qxd6 a5 17.a3 Ra6 18.Qg3 g5 19.Bd2 Qd5 20.Rad1 Qc5 21.Be3 Qc6 22.Qe5 O-O
23.Bxg5 Bb7 24.f3 Kh7 25.Rd4 Rg8 26.Rh4 Rg6 27.Rxh6+ Rxh6 28.Bxh6 f6 29.Qxf6 Qd7
30.Bf4 bxa3 31.Be5 a2 32.Qh8+ Kg6 33.Qg8+  1-0

[Event "URS-ch sf"]
[Site "Moscow"]
[Date "1989.??.??"]
[Round "?"]
[White "Nikolenko, Oleg"]
[Black "Krasenkow, Michal"]
[Result "0-1"]
[WhiteElo "2405"]
[BlackElo "2525"]

1.e4 c5 2.Nf3 Nc6 3.Bb5 g6 4.Bxc6 bxc6 5.O-O Bg7 6.d3 e5 7.Bg5 Ne7 8.Qc1 h6
9.Bd2 d6 10.b4 cxb4 11.Bxb4 c5 12.Bd2 Bg4 13.Nc3 Bxf3 14.gxf3 Qd7 15.Kh1 g5
16.Rg1 f5 17.Rg2 f4 18.Rb1 Ng6 19.Rg4 Nh4 20.Qd1 O-O 21.h3 h5 22.Rxh4 gxh4
23.Kh2 Kh7 24.Nd5 Rab8 25.Rb3 Rb7 26.Qg1 Kh6 27.Qb1 Rfb8 28.Ba5 Bf8 29.Bc7 Rxb3
30.axb3 Rb7 31.Ba5 Be7 32.Qa1 Rb8 33.Bd2 Rg8 34.Ba5 Bd8 35.Bd2 a6 36.Qe1 Qa7
37.Qf1 Bb6 38.Be1 Rg6 39.Qe2 Qg7 40.Qf1 Qa7 41.Qe2 Kg7 42.Qf1 Kf8 43.Qe2 c4
44.dxc4 Bd4 45.b4 Qd7 46.Bc3 Bxc3 47.Nxc3 Qc6 48.Nd1 Qa4 49.Qd2 Qa3 50.c3 Kg7
51.Qd5 Qa4 52.Qb7+ Kh6 53.Qc8 Kh7 54.Qc7+ Rg7 55.Qxd6 Qe8 56.Qd3 Rd7 57.Qf1 Qd8
58.Nb2 Rd2 59.Na4 Ra2 60.Nc5 Qd2 61.Nd3 Qxc3 62.b5 axb5 63.cxb5 Rd2  0-1

[Event "Munich"]
[Site "Munich"]
[Date "1989.??.??"]
[Round "?"]
[White "Kindermann, Stefan"]
[Black "Piket, Jeroen"]
[Result "1/2-1/2"]
[WhiteElo "2515"]
[BlackElo "2500"]

1.e4 c5 2.Nf3 Nc6 3.Bb5 d6 4.O-O Bd7 5.Re1 Nf6 6.c3 a6 7.Ba4 c4 8.d4 cxd3
9.Qxd3 g6 10.Bf4 Bg7 11.Nbd2 O-O 12.Bc2 Rc8 13.h3 b5 14.Rac1 Qb6 15.Qe2 Nh5
16.Be3  1/2-1/2

[Event "Naleczow op"]
[Site "Naleczow"]
[Date "1989.??.??"]
[Round "?"]
[White "Grabarczyk, Bogdan"]
[Black "Jamroz, Zbigniew"]
[Result "1-0"]
[WhiteElo "2345"]
[BlackElo "2240"]

1.e4 c5 2.Nf3 Nc6 3.Bb5 Nf6 4.e5 Nd5 5.Nc3 Nc7 6.Bxc6 dxc6 7.h3 g6 8.d3 Bg7
9.Be3 b6 10.Qd2 h6 11.O-O-O Be6 12.d4 c4 13.Qe2 Nd5 14.Ne4 b5 15.Bd2 a5 16.Nc5 Nc7
17.Nh2 Qxd4 18.Nxe6 Nxe6 19.Nf3 Qb6 20.Be3 Qc7 21.Bd4 O-O 22.Qe4 Rfd8 23.Be3 c5
24.h4 a4 25.a3 Qa5 26.c3 Qc7 27.Rxd8+ Rxd8 28.Rd1 Rb8 29.Rd5 b4 30.Qxc4 bxa3
31.bxa3 Qb7 32.Nd2 Qb2+ 33.Kd1 Qxa3 34.Bxc5 Qa1+ 35.Ke2 Nxc5 36.Rxc5 e6 37.h5 gxh5
38.Ra5 Qb2 39.Qc7 Rb5 40.f4 Rxa5 41.Qxa5 a3 42.Qb4 Qxb4 43.cxb4 a2 44.Nb3 Kf8
45.Kd3 f6 46.b5 Ke7 47.b6 Kd7 48.f5  1-0

[Event "New York op"]
[Site "New York"]
[Date "1989.??.??"]
[Round "4"]
[White "Shirazi, Kamran G"]
[Black "Gomez Esteban, Juan Mario"]
[Result "1-0"]
[WhiteElo "2395"]
[BlackElo "2460"]

1.e4 c5 2.Nf3 Nc6 3.Bb5 Nf6 4.Qe2 g6 5.e5 Nh5 6.O-O Nf4 7.Qe4 Ne6 8.c3 Bg7
9.d4 Qb6 10.Na3 cxd4 11.cxd4 Ncxd4 12.Be3 Nxf3+ 13.Qxf3 Qa5 14.Rfd1 O-O 15.Rd5 Qd8
16.Rad1 Nc7 17.Rxd7 Bxd7 18.Bxd7 e6 19.Bxe6 Qe7 20.Bb3 Ne6 21.Nc4 Rad8 22.Rc1 Nd4
23.Bxd4 Rxd4 24.g3 b5 25.Nd6 a6 26.Rc6 Bxe5 27.Nxf7 Rxf7 28.Re6 Kf8 29.Qe3 Rd1+
30.Kg2 Qb7+ 31.Kh3  1-0

[Event "Novi Sad op"]
[Site "Novi Sad"]
[Date "1989.??.??"]
[Round "3"]
[White "Pikula, Dejan"]
[Black "Bagaturov, Giorgi"]
[Result "0-1"]
[WhiteElo "2260"]
[BlackElo "2370"]

1.e4 c5 2.Nf3 Nc6 3.Bb5 g6 4.O-O Bg7 5.c3 Nf6 6.Re1 O-O 7.d4 cxd4 8.e5 Nd5
9.cxd4 d6 10.Nc3 Nc7 11.Bxc6 bxc6 12.exd6 Qxd6 13.Ne4 Qd5 14.Bg5 Bg4 15.Bxe7 Rfe8
16.Nf6+ Bxf6 17.Bxf6 Rxe1+ 18.Qxe1 Bxf3 19.gxf3 Qxf3 20.Be5 Qg4+ 21.Kh1 Nd5
22.Rc1 Re8 23.Qg1 Qe2 24.Rxc6 f6 25.Rxf6 Nxf6  0-1

[Event "Novi Sad op"]
[Site "Novi Sad"]
[Date "1989.??.??"]
[Round "3"]
[White "Dostan, Janos"]
[Black "Zakharov, Alexander V"]
[Result "1-0"]
[WhiteElo "2260"]
[BlackElo "2390"]

1.e4 c5 2.Nf3 Nc6 3.Bb5 e6 4.O-O Nge7 5.Re1 a6 6.Bxc6 Nxc6 7.d4 cxd4 8.Nxd4 Qc7
9.Nc3 Bd6 10.g3 Be5 11.Nf3 d6 12.Nxe5 dxe5 13.Qg4 O-O 14.Be3 Nd4 15.Rac1 b5
16.Nb1 Bb7 17.c3 f5 18.Qd1 Nc6 19.Bc5 Rad8 20.Qb3 Rfe8 21.Rcd1 Na5 22.Qb4 Nc4
23.b3  1-0

[Event "Nuremberg op"]
[Site "Nuremberg"]
[Date "1989.??.??"]
[Round "?"]
[White "Mathe, Gaspar"]
[Black "Le Blancq, Simon"]
[Result "1/2-1/2"]
[WhiteElo "2355"]
[BlackElo "2260"]

1.e4 c5 2.Nf3 Nc6 3.Bb5 g6 4.O-O Bg7 5.c3 e5 6.d4 cxd4 7.cxd4 exd4 8.Bf4 Nge7
9.Bd6 O-O 10.Bc4 b6 11.Nbd2 Na5 12.Bd3 Nb7 13.Ba3 d6 14.Nb3 Nc5 15.Nbxd4 Bb7
16.Re1 Nc6 17.Nb3 Nxd3 18.Qxd3 Ne5 19.Nxe5 dxe5  1/2-1/2